[Event "SG Gunzenhausen/Weißenburg 2-SC Heideck-"]
[Site "?"]
[Date "2012.12.02"]
[Round "4.1"]
[White "Fink, Martin"]
[Black "Jäger, Peter"]
[Result "1-0"]
[WhiteElo "1869"]
[BlackElo "1702"]
[PlyCount "61"]
[EventDate "2012.??.??"]
[WhiteTeam "SC Heideck-Hilpoltstein 1"]
[BlackTeam "SG Gunzenhausen/Weißenburg 2"]

1. d4 d5 2. Nf3 g6 3. c4 Bg7 4. cxd5 Qxd5 5. Nc3 Qd8 6. Bf4 c6 7. h3 Nf6 8. Qa4
Nbd7 9. Rd1 Nb6 10. Qc2 Nbd5 11. Be5 Bf5 12. Qb3 Nxc3 13. bxc3 Qb6 14. Qa3 Qd8
15. Nh4 Be6 16. e4 O-O 17. Bd3 Ne8 18. Bxg7 Kxg7 19. f4 Qc7 20. O-O Nd6 21. f5
Bc4 22. e5 Nb5 23. Qxe7 Bxd3 24. Qf6+ Kg8 25. Rxd3 Qd8 26. fxg6 hxg6 27. Qf4
Nc7 28. Qh6 Ne6 29. Rg3 Ng7 30. Nf5 Nxf5 31. Rxf5 1-0

[Event "SG Gunzenhausen/Weißenburg 2-SC Heideck-"]
[Site "?"]
[Date "2012.12.02"]
[Round "4.2"]
[White "Strobl, Thomas"]
[Black "Kirchner, Norbert"]
[Result "0-1"]
[WhiteElo "1683"]
[BlackElo "1967"]
[PlyCount "88"]
[EventDate "2012.??.??"]
[WhiteTeam "SG Gunzenhausen/Weißenburg 2"]
[BlackTeam "SC Heideck-Hilpoltstein 1"]

1. e4 e5 2. Nf3 Nc6 3. Bc4 Bc5 4. Nc3 d6 5. h3 Be6 6. Bxe6 fxe6 7. d3 Qf6 8.
O-O h6 9. Na4 O-O-O 10. Nxc5 dxc5 11. Be3 c4 12. Qe2 cxd3 13. cxd3 g5 14. Rfc1
Nge7 15. Rc3 Nd4 16. Bxd4 exd4 17. e5 Qf4 18. Rc4 Rhf8 19. Qe4 Nc6 20. Qxf4
Rxf4 21. Rac1 Rd7 22. b4 Rxf3 23. gxf3 Nxe5 24. R4c2 Nxd3 25. Rb1 b6 26. Rd2
Nf4 27. Kh2 Kb7 28. Kg3 Rd5 29. h4 d3 30. hxg5 hxg5 31. Kg4 Kc6 32. Rc1+ Kd6
33. Rh1 c5 34. bxc5+ bxc5 35. Rc1 Rf5 36. Rc4 Kd5 37. Ra4 c4 38. Rxa7 Kd4 39.
Rc7 c3 40. Rd1 Ne2 41. Rc8 d2 42. Re8 Re5 43. Rc8 Kd3 44. f4 Nxf4 0-1

[Event "SG Gunzenhausen/Weißenburg 2-SC Heideck-"]
[Site "?"]
[Date "2012.12.02"]
[Round "4.3"]
[White "Wegmann, Wolfgang"]
[Black "Sikorsky, Reinhard"]
[Result "1-0"]
[WhiteElo "1863"]
[BlackElo "1663"]
[PlyCount "75"]
[EventDate "2012.??.??"]
[WhiteTeam "SC Heideck-Hilpoltstein 1"]
[BlackTeam "SG Gunzenhausen/Weißenburg 2"]

1. e4 c5 2. Nc3 Nc6 3. f4 g6 4. Nf3 Bg7 5. g3 e6 6. Bg2 Nge7 7. O-O O-O 8. d3
d5 9. e5 a6 10. a3 Nf5 11. Kh1 h5 12. Qe1 Rb8 13. Qf2 Ncd4 14. Nd1 Nxf3 15.
Bxf3 Bd7 16. Qxc5 Rc8 17. Qf2 Kh7 18. c3 Rh8 19. d4 Bf8 20. Ne3 Bc6 21. Nxf5
exf5 22. Qe2 Qe7 23. h3 Bb5 24. Qg2 Bxf1 25. Qxf1 Rd8 26. Qg2 Qe6 27. Be3 Be7
28. c4 dxc4 29. d5 Qc8 30. d6 Bf8 31. Bxb7 Qe6 32. Bd5 Qe8 33. Bb6 Kg7 34. Bxd8
Qxd8 35. Rc1 f6 36. Rxc4 fxe5 37. Rc7+ Kf6 38. Rf7# 1-0

[Event "SG Gunzenhausen/Weißenburg 2-SC Heideck-"]
[Site "?"]
[Date "2012.12.02"]
[Round "4.4"]
[White "Gajewski, Richard"]
[Black "Perner, Bastian"]
[Result "1/2-1/2"]
[WhiteElo "1617"]
[BlackElo "1881"]
[PlyCount "97"]
[EventDate "2012.??.??"]
[WhiteTeam "SG Gunzenhausen/Weißenburg 2"]
[BlackTeam "SC Heideck-Hilpoltstein 1"]

1. c4 c5 2. g3 Nc6 3. Bg2 g6 4. Nc3 Bg7 5. e3 d6 6. Nge2 Bg4 7. h3 Bxe2 8. Qxe2
Rb8 9. Rb1 Nf6 10. O-O O-O 11. f4 e6 12. a3 d5 13. cxd5 exd5 14. g4 d4 15. Ne4
Qe7 16. Ng3 Rbd8 17. Qc4 dxe3 18. dxe3 Na5 19. Qc2 b6 20. b4 cxb4 21. axb4 Nb7
22. Qa4 Nd6 23. b5 Rc8 24. Bc6 Rfd8 25. e4 Nb7 26. Ba3 Nc5 27. Qc2 a6 28. g5
Nfd7 29. Bxd7 Qxd7 30. Rfd1 Qxh3 31. Rxd8+ Rxd8 32. Qg2 Qxg2+ 33. Kxg2 axb5 34.
Rxb5 Rd2+ 35. Kh3 Rd3 36. Bxc5 bxc5 37. Rxc5 Rd7 38. Rc8+ Bf8 39. Kg4 Ra7 40.
f5 gxf5+ 41. Kxf5 Ra3 42. Nh5 Rh3 43. Kg4 Rh1 44. e5 Rg1+ 45. Kf5 Rf1+ 46. Kg4
Rg1+ 47. Kf5 Rf1+ 48. Nf4 Kg7 49. Rc7 1/2-1/2

[Event "SG Gunzenhausen/Weißenburg 2-SC Heideck-"]
[Site "?"]
[Date "2012.12.02"]
[Round "4.5"]
[White "Ruderer, Thomas"]
[Black "Horndasch, Lulu"]
[Result "0-1"]
[WhiteElo "1749"]
[BlackElo "1583"]
[PlyCount "96"]
[EventDate "2012.??.??"]
[WhiteTeam "SC Heideck-Hilpoltstein 1"]
[BlackTeam "SG Gunzenhausen/Weißenburg 2"]

1. e4 b6 2. Bc4 Bb7 3. d3 e6 4. Nf3 Be7 5. Nc3 Nc6 6. O-O Nh6 7. Be3 a6 8. Qd2
Ng4 9. h3 Nge5 10. Nxe5 Nxe5 11. Bb3 O-O 12. Ne2 Kh8 13. d4 Ng6 14. Ng3 Nh4 15.
f3 Ng6 16. c3 f5 17. exf5 exf5 18. Ne2 Bh4 19. d5 Qe7 20. Bf2 Bg5 21. f4 Bf6
22. g3 Rae8 23. Rae1 Qd6 24. c4 c5 25. Bd1 a5 26. b3 Ba6 27. a4 Rf7 28. Bc2 Bd8
29. Nc1 Ne7 30. Nd3 Rff8 31. Ne5 Bc8 32. Kh2 Qf6 33. Re2 d6 34. Nf3 Ng6 35.
Rfe1 Rxe2 36. Rxe2 h6 37. Qe1 Bd7 38. Re3 Qb2 39. Qe2 Bf6 40. Be1 Bd4 41. Nxd4
cxd4 42. Rd3 Re8 43. Qd2 Rxe1 44. Rxd4 Qa1 45. Qf2 Rc1 46. Rd2 Rf1 47. Qg2 Qe1
48. Bd3 Rh1+ 0-1

[Event "SG Gunzenhausen/Weißenburg 2-SC Heideck-"]
[Site "?"]
[Date "2012.12.02"]
[Round "4.6"]
[White "Grimm, Willi"]
[Black "Korth, Manfred"]
[Result "0-1"]
[WhiteElo "1525"]
[BlackElo "1826"]
[PlyCount "56"]
[EventDate "2012.??.??"]
[WhiteTeam "SG Gunzenhausen/Weißenburg 2"]
[BlackTeam "SC Heideck-Hilpoltstein 1"]

1. e4 d6 2. Nf3 Nf6 3. Nc3 e5 4. d3 Be7 5. Be2 c6 6. O-O O-O 7. h3 Qc7 8. Bg5
Re8 9. a3 Nbd7 10. d4 exd4 11. Qxd4 Nc5 12. Bc4 Ne6 13. Bxe6 Bxe6 14. Rfe1 Rad8
15. Qxa7 h6 16. Bf4 Nd7 17. Qe3 Ne5 18. Nd2 f6 19. Qg3 Kh7 20. b3 Rg8 21. Be3
g5 22. f4 gxf4 23. Qxf4 Nf7 24. Kh2 Rg6 25. Nf3 Rdg8 26. Re2 Qa5 27. Bd4 Qh5
28. Rg1 Rg4 0-1

[Event "SG Gunzenhausen/Weißenburg 2-SC Heideck-"]
[Site "?"]
[Date "2012.12.02"]
[Round "4.7"]
[White "Stritzelberger, Martin"]
[Black "Pöschl, Herbert"]
[Result "1-0"]
[WhiteElo "1642"]
[BlackElo "1532"]
[PlyCount "69"]
[EventDate "2012.??.??"]
[WhiteTeam "SC Heideck-Hilpoltstein 1"]
[BlackTeam "SG Gunzenhausen/Weißenburg 2"]

1. e4 e6 2. d4 d5 3. exd5 exd5 4. Nf3 Bg4 5. Be2 Nf6 6. O-O Be7 7. h3 Bh5 8.
Nc3 O-O 9. Bg5 Re8 10. Re1 Ne4 11. Bxe7 Rxe7 12. Nxe4 Rxe4 13. Ne5 Bxe2 14.
Rxe2 Nd7 15. Rxe4 dxe4 16. Nxd7 Qxd7 17. c3 Rd8 18. Qe2 f5 19. Re1 Qd5 20. a3
c5 21. Rd1 Qb3 22. Rd2 cxd4 23. Rxd4 Rxd4 24. cxd4 Qd3 25. Qxd3 exd3 26. Kf1
Kf7 27. Ke1 Ke6 28. Kd2 Kd5 29. Kxd3 g5 30. g3 h5 31. f4 h4 32. gxh4 gxf4 33.
h5 Ke6 34. h6 Kf7 35. d5 1-0

[Event "SG Gunzenhausen/Weißenburg 2-SC Heideck-"]
[Site "?"]
[Date "2012.12.02"]
[Round "4.8"]
[White "Arndt, Steffen"]
[Black "Ruderer, Sebastian"]
[Result "0-1"]
[WhiteElo "1447"]
[BlackElo "1683"]
[PlyCount "86"]
[EventDate "2012.??.??"]
[WhiteTeam "SG Gunzenhausen/Weißenburg 2"]
[BlackTeam "SC Heideck-Hilpoltstein 1"]

1. d4 d5 2. Nf3 e6 3. Bf4 Nf6 4. e3 c5 5. c3 Nc6 6. Nbd2 Bd6 7. Ne5 O-O 8. Bb5
Qc7 9. Ndf3 Nd7 10. Bxc6 bxc6 11. Nxd7 Bxd7 12. Bxd6 Qxd6 13. Ne5 cxd4 14. Nxd7
Qxd7 15. cxd4 Qd6 16. O-O c5 17. dxc5 Qxc5 18. Qd2 Rfd8 19. Rfc1 Qb6 20. Rc3 d4
21. Rb3 dxe3 22. Qxe3 Qxe3 23. Rxe3 Rd2 24. b3 Rc8 25. Ree1 g6 26. Red1 Re2 27.
a3 Rcc2 28. Rf1 Rb2 29. Rab1 Kf8 30. g3 Ke7 31. b4 Ra2 32. Rb3 Rec2 33. Rd3 e5
34. h3 Ke6 35. Kg2 e4 36. Re3 Ke5 37. Kg1 f5 38. Rb3 Kd4 39. Re3 Rxf2 40. Rxf2
Ra1+ 41. Rf1 Rxf1+ 42. Kxf1 Kxe3 43. a4 Kd2 0-1

[Event "SC Noris-Tarrasch N 1873 e.V. 4-SG Büche"]
[Site "?"]
[Date "2012.12.02"]
[Round "4.1"]
[White "Ludwig, Michael"]
[Black "Süß, Stefan"]
[Result "1-0"]
[WhiteElo "1860"]
[BlackElo "1901"]
[PlyCount "43"]
[EventDate "2012.??.??"]
[WhiteTeam "SG Büchenbach/Roth e.V. 2"]
[BlackTeam "SC Noris-Tarrasch N 1873 e.V. 4"]

1. e4 c5 2. d4 cxd4 3. c3 d3 4. Bxd3 d6 5. Nf3 e6 6. Be3 Nf6 7. O-O Be7 8. Qe2
Qc7 9. Na3 a6 10. Nc4 Nbd7 11. a4 O-O 12. Rfd1 e5 13. a5 Nc5 14. Bc2 Nfxe4 15.
Nb6 Rb8 16. Nd5 Qd7 17. Bxe4 Nxe4 18. Ba7 Ra8 19. Nb6 Qc6 20. Nxa8 Bg4 21. Nb6
f5 22. Qc4+ 1-0

[Event "SC Noris-Tarrasch N 1873 e.V. 4-SG Büche"]
[Site "?"]
[Date "2012.12.02"]
[Round "4.2"]
[White "Mättig, Stefan"]
[Black "Muskat, Gunter"]
[Result "1-0"]
[WhiteElo "1983"]
[BlackElo "1876"]
[PlyCount "69"]
[EventDate "2012.??.??"]
[WhiteTeam "SC Noris-Tarrasch N 1873 e.V. 4"]
[BlackTeam "SG Büchenbach/Roth e.V. 2"]

1. e4 c5 2. Nf3 e6 3. d4 cxd4 4. Nxd4 Nc6 5. Nc3 Qc7 6. Be2 a6 7. a3 Nf6 8. O-O
Be7 9. Kh1 O-O 10. f4 d6 11. Be3 Rb8 12. Qe1 Na5 13. Rd1 b5 14. Qg3 Nc4 15. Bc1
g6 16. b3 Nb6 17. Bb2 Bb7 18. f5 e5 19. fxg6 hxg6 20. Ne6 fxe6 21. Qxg6+ Kh8
22. Rf3 Nh7 23. Rh3 Bf6 24. Rxd6 Nc8 25. Rxe6 Qg7 26. Rxf6 Rxf6 27. Rxh7+ Qxh7
28. Qxf6+ Qg7 29. Qd8+ Kh7 30. Nd5 Bxd5 31. exd5 Qe7 32. Bd3+ e4 33. Qh8+ Kg6
34. Qg8+ Kf5 35. Be2 1-0

[Event "SC Noris-Tarrasch N 1873 e.V. 4-SG Büche"]
[Site "?"]
[Date "2012.12.02"]
[Round "4.3"]
[White "Classen, Anton"]
[Black "Renner, Christian"]
[Result "1/2-1/2"]
[WhiteElo "1817"]
[BlackElo "1898"]
[PlyCount "26"]
[EventDate "2012.??.??"]
[WhiteTeam "SG Büchenbach/Roth e.V. 2"]
[BlackTeam "SC Noris-Tarrasch N 1873 e.V. 4"]

1. e4 c5 2. f4 a6 3. Nf3 d5 4. exd5 Qxd5 5. Nc3 Qd6 6. d3 Nf6 7. Be2 Nc6 8. Ne4
Qc7 9. O-O Nxe4 10. dxe4 e6 11. c3 Be7 12. Qc2 Bd7 13. e5 h6 1/2-1/2

[Event "SC Noris-Tarrasch N 1873 e.V. 4-SG Büche"]
[Site "?"]
[Date "2012.12.02"]
[Round "4.4"]
[White "Süß, Helmut"]
[Black "Classen, Andrej"]
[Result "1/2-1/2"]
[WhiteElo "1917"]
[BlackElo "1841"]
[PlyCount "99"]
[EventDate "2012.??.??"]
[WhiteTeam "SC Noris-Tarrasch N 1873 e.V. 4"]
[BlackTeam "SG Büchenbach/Roth e.V. 2"]

1. d4 d5 2. c4 e6 3. Nc3 Nf6 4. Nf3 c6 5. Bg5 Nbd7 6. cxd5 cxd5 7. e3 Be7 8.
Bd3 O-O 9. O-O h6 10. Bh4 a6 11. h3 b5 12. a3 Bb7 13. Qe2 Nb6 14. Ne5 Nfd7 15.
Bxe7 Qxe7 16. Nxd7 Qxd7 17. b3 Rfc8 18. Qb2 Rc7 19. Rac1 Rac8 20. Na2 Rxc1 21.
Rxc1 Rxc1+ 22. Qxc1 Qc6 23. Qxc6 Bxc6 24. Nb4 Bb7 25. Be2 Kf8 26. Nd3 Nd7 27.
Nc5 Bc8 28. Kf1 Ke7 29. Ke1 Kd6 30. Nxd7 Bxd7 31. Kd2 a5 32. Kc3 g5 33. b4 a4
34. g3 f6 35. f3 f5 36. f4 gxf4 37. exf4 Ke7 38. Kd2 Kf6 39. Ke3 Be8 40. g4 Bd7
41. Kf2 Bc6 42. Kg3 Be8 43. Kh4 Kg7 44. g5 Bc6 45. Bh5 Bd7 46. Kg3 Bc6 47.
gxh6+ Kxh6 48. Bf7 Bd7 49. Kh4 Kg7 50. Bh5 1/2-1/2

[Event "SC Noris-Tarrasch N 1873 e.V. 4-SG Büche"]
[Site "?"]
[Date "2012.12.02"]
[Round "4.5"]
[White "Schönberger, Andreas"]
[Black "Junk, Philipp"]
[Result "1-0"]
[WhiteElo "1815"]
[BlackElo "1850"]
[PlyCount "57"]
[EventDate "2012.??.??"]
[WhiteTeam "SG Büchenbach/Roth e.V. 2"]
[BlackTeam "SC Noris-Tarrasch N 1873 e.V. 4"]

1. e4 c5 2. Nf3 Nc6 3. d4 cxd4 4. Nxd4 e6 5. Be3 Nf6 6. Nc3 Bb4 7. Bd3 d5 8.
Nxc6 bxc6 9. exd5 cxd5 10. a3 Bxc3+ 11. bxc3 Qc7 12. Bd4 Bb7 13. O-O Kf8 14.
Qe2 h5 15. h3 a5 16. Rab1 Nd7 17. f4 Rc8 18. Kh1 Kg8 19. Qe3 Ba8 20. Rf3 Qd6
21. Rg3 f6 22. Bb5 Bc6 23. c4 Bxb5 24. cxb5 Rxc2 25. b6 Rc6 26. b7 Nb8 27. Bxf6
Rh7 28. Be5 Qd8 29. Qa7 1-0

[Event "SC Noris-Tarrasch N 1873 e.V. 4-SG Büche"]
[Site "?"]
[Date "2012.12.02"]
[Round "4.6"]
[White "Lenz, Harald"]
[Black "Roß, Sandra"]
[Result "1/2-1/2"]
[WhiteElo "1770"]
[BlackElo "1709"]
[PlyCount "168"]
[EventDate "2012.??.??"]
[WhiteTeam "SC Noris-Tarrasch N 1873 e.V. 4"]
[BlackTeam "SG Büchenbach/Roth e.V. 2"]

1. d4 Nf6 2. c4 e6 3. Nc3 d5 4. e3 b6 5. Nf3 Bb7 6. cxd5 Nxd5 7. Qa4+ Bc6 8.
Bb5 Bxb5 9. Qxb5+ c6 10. Qa4 Be7 11. Nxd5 Qxd5 12. O-O O-O 13. Rd1 Nd7 14. Bd2
a5 15. Rac1 Rfc8 16. Qc4 Qxc4 17. Rxc4 Rc7 18. Rdc1 Rac8 19. a4 h6 20. Kf1 Bd6
21. e4 Kf8 22. e5 Be7 23. Bf4 Bd8 24. Be3 b5 25. axb5 cxb5 26. Rxc7 Rxc7 27.
Ke2 Rxc1 28. Bxc1 Nb6 29. Kd3 Nd5 30. Bd2 a4 31. Ne1 Be7 32. Nc2 Ke8 33. f4 Kd7
34. g4 Kc6 35. f5 Nb6 36. Bb4 Bxb4 37. Nxb4+ Kd7 38. Ke4 Nc4 39. Nd3 Nd2+ 40.
Kf4 Nc4 41. b3 a3 42. Nc1 Nb6 43. h4 Nd5+ 44. Kf3 Nc3 45. b4 a2 46. Nb3 Nd5 47.
fxe6+ Kxe6 48. Ke4 Nxb4 49. Na1 g6 50. h5 gxh5 51. gxh5 Nd5 52. Nc2 Ne7 53. Na1
b4 54. Nb3 Nd5 55. Nc5+ Ke7 56. Nb3 Nc3+ 57. Kf5 Ne2 58. Ke4 Ng3+ 59. Kf4 Nxh5+
60. Kg4 Ng7 61. d5 Kd7 62. Kf4 Ne8 63. Kf5 Nc7 64. Ke4 h5 65. Nc5+ Kd8 66. Nb3
h4 67. d6 Nb5 68. Ke3 Nxd6 69. exd6 Kd7 70. Kf4 Kxd6 71. Kg4 Kd5 72. Kxh4 Ke4
73. Kg4 Kd3 74. Nc1+ Kc2 75. Nxa2 b3 76. Nb4+ Kc3 77. Nd5+ Kd4 78. Nb4 b2 79.
Nc2+ Ke4 80. Na3 f5+ 81. Kg3 Ke3 82. Nc4+ Ke4 83. Nxb2 Ke3 84. Nc4+ Ke4 1/2-1/2

[Event "SC Noris-Tarrasch N 1873 e.V. 4-SG Büche"]
[Site "?"]
[Date "2012.12.02"]
[Round "4.7"]
[White "Kittsteiner, Peter"]
[Black "Bischoff, Hermann"]
[Result "1/2-1/2"]
[WhiteElo "1832"]
[BlackElo "1790"]
[PlyCount "64"]
[EventDate "2012.??.??"]
[WhiteTeam "SG Büchenbach/Roth e.V. 2"]
[BlackTeam "SC Noris-Tarrasch N 1873 e.V. 4"]

1. e4 e5 2. Nf3 Nc6 3. Bc4 Bc5 4. d3 d6 5. h3 h6 6. Nc3 Nf6 7. O-O O-O 8. Na4
Bb6 9. Nxb6 axb6 10. a3 Qe7 11. Nh2 Be6 12. Bxe6 Qxe6 13. f4 exf4 14. Bxf4 Ne7
15. Nf3 Ng6 16. Nd4 Qe7 17. Bd2 d5 18. Nf5 Qe6 19. exd5 Nxd5 20. Qf3 Kh7 21.
Rae1 Qd7 22. Qh5 Nf6 23. Qf3 Ng8 24. Qg3 Rae8 25. Rxe8 Rxe8 26. Bc3 f6 27. h4
Qf7 28. Qf3 N8e7 29. Nxe7 Nxe7 30. Re1 Nc6 31. Kf2 Rxe1 32. Kxe1 Qe6+ 1/2-1/2

[Event "SC Noris-Tarrasch N 1873 e.V. 4-SG Büche"]
[Site "?"]
[Date "2012.12.02"]
[Round "4.8"]
[White "Wagenfeld, Wladymyr"]
[Black "Müller, Maximilian"]
[Result "0-1"]
[WhiteElo "1718"]
[BlackElo "1797"]
[PlyCount "138"]
[EventDate "2012.??.??"]
[WhiteTeam "SC Noris-Tarrasch N 1873 e.V. 4"]
[BlackTeam "SG Büchenbach/Roth e.V. 2"]

1. d4 d5 2. Nd2 Nc6 3. Ndf3 Bf5 4. c3 Nf6 5. e3 g6 6. Ne2 Bg7 7. Ng3 Bd7 8. Bd3
O-O 9. e4 dxe4 10. Nxe4 Nxe4 11. Bxe4 f5 12. Bd5+ e6 13. Bb3 Kh8 14. O-O e5 15.
dxe5 Nxe5 16. Nd4 Qf6 17. Re1 Rad8 18. Bf4 Rfe8 19. Qd2 Qa6 20. Bg5 Bf6 21.
Bxf6+ Qxf6 22. Qc2 c5 23. f4 cxd4 24. fxe5 Rxe5 25. cxd4 Rxe1+ 26. Rxe1 Qxd4+
27. Kh1 Bc6 28. Rd1 Qxd1+ 29. Qxd1 Rxd1+ 30. Bxd1 Kg7 31. Kg1 Kf6 32. Kf2 Ke5
33. g3 g5 34. Bc2 h6 35. Bd1 f4 36. gxf4+ Kxf4 37. Bh5 Bd5 38. a3 a5 39. Be8
Bf3 40. Bd7 g4 41. Be8 b6 42. Bg6 Bc6 43. Bf7 b5 44. Bg6 Kg5 45. Bf7 h5 46. Kg3
h4+ 47. Kf2 b4 48. axb4 axb4 49. Bc4 Kf4 50. Be6 g3+ 51. hxg3+ hxg3+ 52. Ke2
Bf3+ 53. Kf1 Ke3 54. Bf5 Kd2 55. Kg1 Bd5 56. Bg6 Kc1 57. b3 Kb2 58. Bd3 Kxb3
59. Bf1 Kc2 60. Bh3 b3 61. Bf5+ Kc1 62. Bd3 b2 63. Bf5 b1=Q 64. Bxb1 Kxb1 65.
Kf1 Kc2 66. Ke2 g2 67. Kf2 Kd2 68. Kg1 Ke2 69. Kh2 Kf2 0-1

[Event "SK 1911 Herzogenaurach e.V. 1-SG SC Mühl"]
[Site "?"]
[Date "2012.12.02"]
[Round "4.1"]
[White "Ahmels, Christian"]
[Black "Sattler, Stefan"]
[Result "1-0"]
[WhiteElo "2065"]
[BlackElo "2074"]
[PlyCount "101"]
[EventDate "2012.??.??"]
[WhiteTeam "SG SC Mühldorf/SK Schwabach 1"]
[BlackTeam "SK 1911 Herzogenaurach e.V. 1"]

1. e4 e6 2. d4 d5 3. Nd2 h6 4. c3 c5 5. exd5 Qxd5 6. Ngf3 cxd4 7. Bc4 Qh5 8.
cxd4 Nf6 9. Qe2 Nbd7 10. O-O Be7 11. Re1 O-O 12. Nf1 Bd6 13. Ng3 Bxg3 14. fxg3
Nb6 15. Bb3 Bd7 16. Qd1 Bc6 17. Re5 Qg4 18. Bf4 Rad8 19. Bc2 Bxf3 20. gxf3 Qh3
21. Bd3 g5 22. Bxg5 hxg5 23. Rxg5+ Kh8 24. Bf1 Qh6 25. f4 Rd5 26. h4 Ne4 27.
Bg2 Rxg5 28. hxg5 Qg6 29. Qe1 f5 30. Bxe4 fxe4 31. Qa5 Nd5 32. Qxa7 Qh5 33. Qc5
Kg7 34. Qd6 Qf3 35. Qe5+ Kf7 36. f5 Qxf5 37. Rf1 Ke7 38. Rxf5 Rxf5 39. Qxe4
Rxg5 40. Qh7+ Kd6 41. Qxb7 Rxg3+ 42. Kf2 Rg4 43. Qb8+ Kd7 44. b4 Rf4+ 45. Kg3
Re4 46. b5 Re3+ 47. Kg4 Ra3 48. b6 Rxa2 49. b7 Nf6+ 50. Kf3 Ra3+ 51. Ke2 1-0

[Event "SK 1911 Herzogenaurach e.V. 1-SG SC Mühl"]
[Site "?"]
[Date "2012.12.02"]
[Round "4.2"]
[White "Bock, Helmar"]
[Black "Mehwald, Thomas"]
[Result "1/2-1/2"]
[WhiteElo "2032"]
[BlackElo "2008"]
[PlyCount "99"]
[EventDate "2012.??.??"]
[WhiteTeam "SK 1911 Herzogenaurach e.V. 1"]
[BlackTeam "SG SC Mühldorf/SK Schwabach 1"]

1. e4 c5 2. Nf3 d6 3. d4 cxd4 4. Nxd4 Nf6 5. Nc3 a6 6. g3 g6 7. Bg2 Bg7 8. O-O
O-O 9. h3 Nbd7 10. Be3 Ne5 11. Qe2 Qc7 12. Rad1 Nc4 13. Bc1 Nb6 14. Rfe1 Re8
15. Kh2 Bd7 16. Qd3 Rad8 17. Nde2 Bc6 18. Nd4 Bd7 19. Nd5 Nfxd5 20. exd5 Rc8
21. b3 Qc3 22. Re2 Kf8 23. Qxc3 Rxc3 24. Bb2 Rc7 25. c4 Bc8 26. h4 Nd7 27. f4
Nf6 28. Bf3 Bg4 29. Kg2 h5 30. Rde1 Bd7 31. Rd2 Ng4 32. a4 Nh6 33. Be4 Bf5 34.
Bf3 Bd7 35. Be2 Nf5 36. Nxf5 Bxf5 37. Bxg7+ Kxg7 38. Bf1 Bd7 39. Re3 a5 40. Kf3
Kf6 41. Ke4 e6 42. dxe6 Rxe6+ 43. Kd4 Rxe3 44. Kxe3 Ke7 45. Kd4 Rc5 46. Bd3 Bf5
47. Be4 Bxe4 48. Kxe4 Kd7 49. Kd4 Rc8 50. Re2 1/2-1/2

[Event "SK 1911 Herzogenaurach e.V. 1-SG SC Mühl"]
[Site "?"]
[Date "2012.12.02"]
[Round "4.3"]
[White "Greul, Hans"]
[Black "Glitz, Martin"]
[Result "1/2-1/2"]
[WhiteElo "1985"]
[BlackElo "1979"]
[PlyCount "140"]
[EventDate "2012.??.??"]
[WhiteTeam "SG SC Mühldorf/SK Schwabach 1"]
[BlackTeam "SK 1911 Herzogenaurach e.V. 1"]

1. d4 d5 2. Nf3 Nf6 3. e3 Bg4 4. c4 c6 5. cxd5 cxd5 6. Qb3 Qc7 7. Bb5+ Bd7 8.
Nc3 e6 9. Bd2 Nc6 10. Rc1 Be7 11. O-O O-O 12. Na4 Ne4 13. Rc2 Rac8 14. Rfc1 f6
15. Ne1 Qb8 16. Qd3 Rfd8 17. f3 Nxd2 18. Qxd2 Bd6 19. f4 a6 20. Bxc6 Bxc6 21.
Nc5 Bxc5 22. Rxc5 e5 23. fxe5 fxe5 24. Nf3 exd4 25. Qxd4 Re8 26. Qd3 Qd6 27.
Qd4 Qe7 28. Kf2 h6 29. R5c3 Rcd8 30. Qh4 Qxh4+ 31. Nxh4 d4 32. exd4 Rxd4 33.
Nf3 Rde4 34. Re1 Rxe1 35. Nxe1 Bb5 36. Re3 Rf8+ 37. Nf3 Rf7 38. Kg3 Rd7 39. Rc3
Rd5 40. h4 Bc6 41. Kf4 Ra5 42. a3 Ra4+ 43. Kg3 Re4 44. Rc2 Kf7 45. Rd2 Ke7 46.
Nd4 Bd7 47. Re2 Rxe2 48. Nxe2 Kd6 49. Kf4 Kd5 50. Ke3 Kc4 51. Kd2 Kb3 52. Kc1
Bg4 53. Nc3 b5 54. Ne4 Kc4 55. Kd2 Kd4 56. Nf2 Bf5 57. Nd1 Be4 58. g3 a5 59.
Nc3 Bc6 60. Nd1 Bd7 61. Nf2 Bf5 62. Ke2 Kc4 63. Kd2 b4 64. axb4 axb4 65. Nd1
Kd4 66. Nf2 h5 67. Ke2 Bd7 68. Kd2 Bf5 69. Ke2 Be6 70. Kd2 Bf5 1/2-1/2

[Event "SK 1911 Herzogenaurach e.V. 1-SG SC Mühl"]
[Site "?"]
[Date "2012.12.02"]
[Round "4.4"]
[White "Eichstädt, Timm"]
[Black "Reuter, Roland"]
[Result "1/2-1/2"]
[WhiteElo "1943"]
[BlackElo "1947"]
[PlyCount "42"]
[EventDate "2012.??.??"]
[WhiteTeam "SK 1911 Herzogenaurach e.V. 1"]
[BlackTeam "SG SC Mühldorf/SK Schwabach 1"]

1. Nf3 Nf6 2. d4 d5 3. c4 e6 4. Nc3 Be7 5. Bf4 O-O 6. e3 Nbd7 7. Bd3 a6 8. O-O
dxc4 9. Bxc4 b5 10. Bb3 Bb7 11. Rc1 c5 12. d5 exd5 13. Nxd5 Nxd5 14. Bxd5 Bxd5
15. Qxd5 Nf6 16. Qb7 Re8 17. Rfd1 Qc8 18. Qb6 Qf5 19. Qb7 h6 20. h4 Qe6 21. b3
Rad8 1/2-1/2

[Event "SK 1911 Herzogenaurach e.V. 1-SG SC Mühl"]
[Site "?"]
[Date "2012.12.02"]
[Round "4.5"]
[White "Wirth, Karl-Heinz"]
[Black "Walther, Reinhard"]
[Result "0-1"]
[WhiteElo "1868"]
[BlackElo "1896"]
[PlyCount "68"]
[EventDate "2012.??.??"]
[WhiteTeam "SG SC Mühldorf/SK Schwabach 1"]
[BlackTeam "SK 1911 Herzogenaurach e.V. 1"]

1. e4 d6 2. d4 Nf6 3. Bd3 Nc6 4. Nf3 Bg4 5. c3 e5 6. d5 Ne7 7. Bg5 h6 8. Bxf6
gxf6 9. Nbd2 c6 10. Qb3 Qc7 11. O-O Rg8 12. Kh1 Ng6 13. Rg1 Nf4 14. Bf1 Be7 15.
g3 Ng6 16. Bg2 h5 17. Nc4 cxd5 18. exd5 O-O-O 19. a4 h4 20. h3 hxg3 21. fxg3
Rh8 22. h4 Rdg8 23. Ncd2 f5 24. Rgf1 f4 25. Nh2 Bd7 26. Rf3 fxg3 27. Rxg3 Bxh4
28. Rf3 Nf4 29. Rxf4 exf4 30. Rg1 Bg3 31. Ndf3 Bg4 32. Qc2 Bxf3 33. Bxf3 Rg6
34. Rg2 Rgh6 0-1

[Event "SK 1911 Herzogenaurach e.V. 1-SG SC Mühl"]
[Site "?"]
[Date "2012.12.02"]
[Round "4.6"]
[White "Trockmann, Rafael"]
[Black "Pröschel, Gerhard"]
[Result "1-0"]
[WhiteElo "1873"]
[BlackElo "1861"]
[PlyCount "124"]
[EventDate "2012.??.??"]
[WhiteTeam "SK 1911 Herzogenaurach e.V. 1"]
[BlackTeam "SG SC Mühldorf/SK Schwabach 1"]

1. Nf3 d5 2. d4 Nf6 3. c4 c6 4. cxd5 cxd5 5. Nc3 e6 6. Bg5 Be7 7. e3 O-O 8. Bd3
Nc6 9. O-O a6 10. a3 Bd7 11. Qc2 h6 12. Bh4 Rc8 13. Qe2 Ne8 14. Bxe7 Qxe7 15.
Ne5 Nf6 16. f4 Rc7 17. Rad1 b5 18. g4 Ne8 19. f5 Qd6 20. Nf3 Ne7 21. Ne5 Nc6
22. Nxd7 Qxd7 23. Qg2 Qe7 24. Qg3 Qd6 25. Qf2 Nf6 26. h3 e5 27. dxe5 Nxe5 28.
Bb1 Rd8 29. Rd4 Nc6 30. Rd2 Re7 31. Rfd1 Red7 32. Ne4 Nxe4 33. Bxe4 Qe5 34. Bg2
Na5 35. Rd4 Nb3 36. Rb4 Nc5 37. Qf4 Qxf4 38. Rxf4 Na4 39. Rd2 f6 40. Rfd4 Nb6
41. b3 Kf8 42. Kf2 Ke7 43. a4 bxa4 44. bxa4 Nc4 45. Rc2 Nb6 46. Rc6 Rd6 47. Rc5
Nd7 48. Rc7 Kf8 49. Rxd5 Nb6 50. Rxd6 Rxd6 51. a5 Nd5 52. Rc4 Ke7 53. Bf1 Kd7
54. e4 Nc7 55. Ke3 Rd1 56. Rd4+ Rxd4 57. Kxd4 Kd6 58. h4 Kc6 59. e5 fxe5+ 60.
Kxe5 Nb5 61. g5 hxg5 62. hxg5 Na3 1-0

[Event "SK 1911 Herzogenaurach e.V. 1-SG SC Mühl"]
[Site "?"]
[Date "2012.12.02"]
[Round "4.7"]
[White "Leis, Stefan"]
[Black "Habermann, Manfred"]
[Result "1-0"]
[WhiteElo "1849"]
[BlackElo "1835"]
[PlyCount "95"]
[EventDate "2012.??.??"]
[WhiteTeam "SG SC Mühldorf/SK Schwabach 1"]
[BlackTeam "SK 1911 Herzogenaurach e.V. 1"]

1. d4 e6 2. e4 b6 3. Nc3 Bb7 4. Be3 Bb4 5. Bd3 Nf6 6. f3 c5 7. a3 cxd4 8. Bxd4
Bc5 9. Nge2 O-O 10. O-O Qe7 11. Kh1 Nc6 12. Bc4 Bxd4 13. Nxd4 Qc5 14. Nxc6 dxc6
15. Qe2 b5 16. Bb3 a5 17. Qf2 Qxf2 18. Rxf2 Rad8 19. g3 Rd4 20. Kg2 Rfd8 21.
Re1 g5 22. h3 h5 23. e5 Ne8 24. Ne4 g4 25. Nc5 Bc8 26. fxg4 hxg4 27. Ref1 Rd2
28. h4 Nc7 29. Ne4 Rxf2+ 30. Rxf2 Nd5 31. Bxd5 exd5 32. Ng5 Rf8 33. Rf6 Bd7 34.
b4 axb4 35. axb4 Kg7 36. Kf2 Kg8 37. Ke3 Ra8 38. Rd6 Be8 39. h5 f6 40. exf6
Bxh5 41. Rxc6 Be8 42. Rc7 d4+ 43. Kxd4 Rd8+ 44. Ke5 Bd7 45. Ne6 Bxe6 46. Kxe6
Re8+ 47. Kf5 Kf8 48. Kg6 1-0